| Tag |
First Indicator |
Second Indicator |
Subfields |
| LEADER |
00000cam a2200000 4500 |
| 001 |
in00000063854 |
| 005 |
20151008050658.0 |
| 008 |
720512s1964 nyu b 00000 eng u |
| 010 |
|
|
|a 64014279
|
| 035 |
|
|
|a (OCoLC)00307678
|
| 035 |
|
|
|9 AAG2574AM
|
| 040 |
|
|
|c OUN
|d TXA
|d UtOrBLW
|
| 049 |
|
|
|a TXAM
|c [415287]
|
| 050 |
|
0 |
|a D843
|b .E8
|
| 082 |
0 |
|
|a 327
|
| 092 |
|
|
|a 327
|b E85w
|
| 100 |
1 |
|
|a Etzioni, Amitai.
|
| 245 |
1 |
0 |
|a Winning without war.
|
| 250 |
|
|
|a [1st ed.].
|
| 264 |
|
1 |
|a Garden City, N. Y. :
|b Doubleday,
|c 1964.
|
| 300 |
|
|
|a xiii :
|b 271 pages ;
|c 22 cm.
|
| 336 |
|
|
|a text
|b txt
|2 rdacontent
|
| 337 |
|
|
|a unmediated
|b n
|2 rdamedia
|
| 338 |
|
|
|a volume
|b nc
|2 rdacarrier
|
| 504 |
|
|
|a Bibliographical footnotes.
|
| 650 |
|
0 |
|a World politics
|y 1955-1965.
|
| 651 |
|
0 |
|a United States
|x Foreign relations
|y 1963-1969.
|
| 999 |
|
|
|a MARS
|
| 999 |
f |
f |
|s 42158a0e-1764-308d-918e-8fe059f3117e
|i 5fe07932-c046-30de-bdb4-e4dfd2b8ed32
|t 0
|
| 952 |
f |
f |
|p ric
|a Texas A&M University
|b Rellis Campus
|c Joint Library Facility
|d Remote Storage
|t 0
|e D843 .E8
|h Library of Congress classification
|i unmediated -- volume
|m A14800673478
|
| 998 |
f |
f |
|a D843 .E8
|t 0
|l Remote Storage
|